Elements of functional analysis
Αποθηκεύτηκε σε:
| Κύριος συγγραφέας: | |
|---|---|
| Άλλοι συγγραφείς: | , |
| Μορφή: | Βιβλίο |
| Γλώσσα: | English |
| Δημοσίευση: |
New York ; Berlin :
Springer,
c1999
|
| Σειρά: | Graduate texts in mathematics ;
; 192 |
| Θέματα: | |
| Ετικέτες: |
Προσθήκη ετικέτας
Δεν υπάρχουν, Καταχωρήστε ετικέτα πρώτοι!
|
MARC
| LEADER | 00000cam a2200000 i 4500 | ||
|---|---|---|---|
| 001 | 1/93355 | ||
| 008 | 991118s1999 eng d | ||
| 020 | |a 0387985247 | ||
| 035 | |l 10054381 | ||
| 040 | |a GR-MY-UA |b gre |e aacr | ||
| 041 | 0 | |a eng | |
| 082 | 0 | |a 515.7 | |
| 100 | 1 | |a Hirsch, Francis. | |
| 245 | 1 | 0 | |a Elements of functional analysis / |c Francis Hirsch, Gilles Lacombe ; translated by Silvio Levy |
| 260 | |a New York ; Berlin : |b Springer, |c c1999 | ||
| 300 | |a xiv, 393 p.; |c 25 cm. | ||
| 490 | 1 | |a Graduate texts in mathematics |v ; 192 | |
| 500 | |a Includes bibliographical references and index | ||
| 650 | 0 | 0 | |a Functional analysis. |
| 700 | 1 | |a Lacombe, Gilles. | |
| 700 | 1 | |a Levy, Silvio. |4 trl | |
| 830 | 0 | |a Graduate texts in mathematics ; |v ; 192 | |
| 852 | |a INST |b CHIOS |e 20050223 |h 515.7 HIR |p 005200022475 |q 005200022475 |t BK |y 0 | ||
| 852 | |a INST |b SAMOS |e 19991118 |h 515.7 HIR |p 005300017031 |q 005300017031 |t BK |y 0 | ||
| 901 | |a BIBL2-2005-1 | ||
| 901 | |a BIBL3-1999-3 | ||
| 909 | |a Σ |b 067297 | ||
| 909 | |a Χ |b 112464 | ||
| 922 | |a 3ΕΛΗ |b 199909 |c ΕΠΕΑΕΚ/ΜΑΘ |d ΠΑΠΑΣΩΤΗΡΙΟΥ | ||
| 970 | |a ΓΕΝΟΥΖΟΥ |b ΧΡΥΣΑΝΘΗ |z 1999/11/18 | ||